[Event "Asian Girls Chess Championship 2022"]
[Site "Knights Templar Hotel, Tagaytay City"]
[Date "2022.11.22"]
[Round "6"]
[Board "4"]
[White "Nurgali, Nazerke"]
[Black "Calimbo, Marian"]
[Result "1-0"]
[WhiteElo "2197"]
[BlackElo "1611"]
[PlyCount "0"]
[EventDate "2022.11.19"]
[EventRounds "9"]
[EventCountry "ACF"]

1. d4 g6 2. c4 Bg7 3. Nc3 d6 4. e4 e5 5. Nf3 Nd7 6. Be2 Ne7 7. O-O O-O 8. Be3 h6
9. Qd2 Kh7 10. Rad1 Nc6 11. Nd5 Nf6 12. Nxf6+ Qxf6 13. d5 Nb8 14. Qc2 Nd7 15. Nd2
Re8 16. b4 a5 17. a3 b6 18. Bg4 Nb8 19. Bxc8 Rxc8 20. c5 dxc5 21. bxc5 Na6 22. c6
Bf8 23. f4 Kg8 24. Nc4 exf4 25. Rxf4 Qg7 26. Rdf1 Bc5 27. Rxf7 Bxe3+ 28. Nxe3 Qxf7
29. Rxf7 Kxf7 30. Ng4 Rf8 31. Ne5+ Kg7 32. Qc3 Kh7 33. Nd7 Rf7 34. e5 h5 35. e6 Rf5
36. e7 Kh6 37. Qe3+  1-0

[Event "Asian Girls Chess Championship 2022"]
[Site "Knights Templar Hotel, Tagaytay City"]
[Date "2022.11.22"]
[Round "6"]
[Board "5"]
[White "Mahdian, Anousha"]
[Black "Kairbekova, Amina"]
[Result "0-1"]
[WhiteElo "2081"]
[BlackElo "2212"]
[PlyCount "0"]
[EventDate "2022.11.19"]
[EventRounds "9"]
[EventCountry "ACF"]

1. d4 g6 2. c4 Bg7 3. Nc3 c5 4. d5 Bxc3+ 5. bxc3 f5 6. h4 Nf6 7. h5 Rg8 8. hxg6 hxg6
9. d6 Qa5 10. dxe7 Nc6 11. Rh3 g5 12. Qd3 g4 13. Rh6 Ne4 14. Bd2 Nxe7 15. f3 Nxd2
16. Qxd2 b5 17. Rh7  0-1

[Event "Asian Girls Chess Championship 2022"]
[Site "Knights Templar Hotel, Tagaytay City"]
[Date "2022.11.22"]
[Round "6"]
[Board "6"]
[White "Elisabeth, Christine"]
[Black "Zahedifar, Anahita"]
[Result "0-1"]
[WhiteElo "1825"]
[BlackElo "2121"]
[PlyCount "0"]
[EventDate "2022.11.19"]
[EventRounds "9"]
[EventCountry "ACF"]

1. d4 d5 2. Nf3 Nf6 3. c4 c6 4. Nc3 e6 5. Bg5 h6 6. Bxf6 Qxf6 7. e3 Qd8 8. Bd3 dxc4
9. Bxc4 b5 10. Bd3 Bb7 11. O-O Be7 12. Rc1 Nd7 13. Qe2 a6 14. Rfd1 Qb6 15. e4 c5
16. d5 O-O 17. Bb1 Rfd8 18. e5 exd5 19. Nxd5 Bxd5 20. Rxd5 Nf8 21. Rcd1 c4 22. Be4
Rxd5 23. Rxd5 Re8 24. g3 Bc5 25. Kg2 Ne6 26. Rd7 Be7 27. Rb7 Qd8 28. Bc6 Qc8 29.
Bxe8 Qxb7 30. Qd2 Ng5 31. Qf4 Bc5 32. Bxf7+  0-1

[Event "Asian Girls Chess Championship 2022"]
[Site "Knights Templar Hotel, Tagaytay City"]
[Date "2022.11.22"]
[Round "6"]
[Board "7"]
[White "Susmita, Bhowmick"]
[Black "Bhagyashree, Patil"]
[Result "0-1"]
[WhiteElo "1331"]
[BlackElo "1921"]
[PlyCount "0"]
[EventDate "2022.11.19"]
[EventRounds "9"]
[EventCountry "ACF"]

1. d4 d5 2. Nf3 e6 3. e3 c5 4. b3 Nf6 5. Bb2 Nc6 6. a3 Bd6 7. Bd3 Qc7 8. Nbd2 O-O
9. dxc5 Bxc5 10. Bxf6 gxf6 11. e4 Ne7 12. b4 Bd6 13. Nd4 Be5 14. exd5 exd5 15. N2b3
Qc3+ 16. Kf1 Ng6 17. Nf3 b6 18. Bxg6 hxg6 19. Nxe5 fxe5 20. h4 Bf5 21. Qd2 Qxc2 22.
Qxc2 Bxc2 23. Nd2 Bd3+ 24. Kg1 Rac8 25. h5 e4 26. hxg6 fxg6 27. f3 Rc2 28. Nb3 exf3
29. gxf3 Rxf3 30. Nd4 Rg3#  0-1

[Event "Asian Girls Chess Championship 2022"]
[Site "Knights Templar Hotel, Tagaytay City"]
[Date "2022.11.22"]
[Round "6"]
[Board "10"]
[White "Chua, Jia-Tien"]
[Black "Cruz, Daniella Bianca"]
[Result "1-0"]
[WhiteElo "1858"]
[BlackElo "1233"]
[PlyCount "0"]
[EventDate "2022.11.19"]
[EventRounds "9"]
[EventCountry "ACF"]

1. e4 e6 2. d3 d5 3. Qe2 Nf6 4. g3 Be7 5. Bg2 O-O 6. Nf3 c5 7. e5 Nfd7 8. c4 d4 9.
O-O Nc6 10. h4 h6 11. h5 a6 12. Bf4 Qc7 13. Nbd2 b5 14. b3 b4 15. Nh2 Bb7 16. Ng4
Rfe8 17. Nf6+ Bxf6 18. exf6 e5 19. Bxh6 Nxf6 20. Bg5 Qd6 21. g4 a5 22. a4 Rab8 23.
Ne4 Nxe4 24. Bxe4 Nd8 25. Bxb7 Rxb7 26. Qe4 Rb8 27. Rae1 Ne6 28. Bd2 Nc7 29. Re2
Qe7 30. Rfe1 Qh4 31. Qf3 f6 32. Kg2 f5 33. Qxf5 Rf8 34. Qg5 Qxg5 35. Bxg5 Ne6 36.
Rxe5 Nf4+ 37. Bxf4 Rxf4 38. R1e4 Rf7 39. Re8+ Rxe8 40. Rxe8+ Kh7 41. Kg3 g6 42. hxg6+
Kxg6 43. Re6+ Rf6 44. Rxf6+ Kxf6 45. Kf4 Kg6 46. g5 Kg7 47. Kf5 Kf7 48. g6+ Kg7 49.
f4 Kg8 50. Kf6 Kf8 51. g7+ Kg8 52. f5 Kh7 53. Kf7 Kh6 54. g8=Q Kh5 55. Qg3 Kh6 56.
Qh4+  1-0

[Event "Asian Girls Chess Championship 2022"]
[Site "Knights Templar Hotel, Tagaytay City"]
[Date "2022.11.23"]
[Round "7"]
[Board "1"]
[White "Rakshitta, Ravi"]
[Black "Asgharzadeh, Mitra"]
[Result "1-0"]
[WhiteElo "2219"]
[BlackElo "2001"]
[PlyCount "0"]
[EventDate "2022.11.19"]
[EventRounds "9"]
[EventCountry "ACF"]

1. Nf3 Nf6 2. g3 g6 3. b3 Bg7 4. Bb2 O-O 5. Bg2 d6 6. d4 Nbd7 7. O-O Re8 8. c4 c6
9. Qc2 e5 10. dxe5 dxe5 11. e4 Nc5 12. Rd1 Qc7 13. Nbd2 a5 14. a3 Bg4 15. b4 Na6
16. Bc3 axb4 17. axb4 b6 18. Qb2 Nd7 19. Nf1 Nf8 20. Ra4 Qb7 21. Ne3 Bxf3 22. Bxf3
Nc7 23. Rxa8 Qxa8 24. Rd6 h5 25. b5 cxb5 26. cxb5 Qa4 27. Rxb6 Nfe6 28. Qa1 Qxa1+
29. Bxa1 Ra8 30. Bc3 Ra3 31. Rb8+ Kh7 32. Nd1 Ng5 33. Be2 Nxe4 34. b6 Na6 35. Ra8
Nxc3 36. Nxc3 e4 37. Bxa6 Bxc3 38. b7 Ra1+ 39. Bf1 Rb1 40. b8=Q  1-0

[Event "Asian Girls Chess Championship 2022"]
[Site "Knights Templar Hotel, Tagaytay City"]
[Date "2022.11.23"]
[Round "7"]
[Board "2"]
[White "Bach, Ngoc Thuy Duong"]
[Black "Serikbay, Assel"]
[Result "1-0"]
[WhiteElo "2164"]
[BlackElo "2250"]
[PlyCount "0"]
[EventDate "2022.11.19"]
[EventRounds "9"]
[EventCountry "ACF"]

1. d4 Nf6 2. c4 e6 3. Nc3 Bb4 4. Qc2 O-O 5. a3 Bxc3+ 6. Qxc3 b6 7. Bg5 Bb7 8. f3
d5 9. e3 Nbd7 10. cxd5 exd5 11. Bd3 h6 12. Bh4 Qe8 13. Ne2 Qe6 14. Bf2 c5 15. O-O
c4 16. Bc2 a5 17. a4 Nb8 18. Ng3 Na6 19. Bf5 Qc6 20. e4 g6 21. Bh3 dxe4 22. fxe4
Nxe4 23. d5 Qxd5 24. Nxe4 Qxe4 25. Bxb6 Nb4 26. Rae1 Qd3 27. Re7 Bd5 28. Rd7 Qe2
29. Re1 Qh5 30. Qf6 Rae8 31. Rf1 Qe5 32. Bc5 Qxf6 33. Rxf6 Re1+ 34. Rf1 Rxf1+ 35.
Kxf1 c3 36. bxc3 Bc4+ 37. Kg1 Rb8 38. cxb4 axb4 39. Rd2 b3 40. Ba3 Ra8 41. Bb2 f5
42. g4 fxg4 43. Bxg4 Rxa4 44. Bd7 Ra2 45. Be8 Bd3 46. Bc6 Bc4 47. Kf2 Kf7 48. Ke3
Be6 49. Rf2+ Ke7 50. Be4 g5 51. Bb1 Ra4 52. Bg7 Rh4 53. Kd3 Rh3+ 54. Kd4 Kd6 55.
Be5+ Kd7 56. Bg3 h5 57. Ke5 h4 58. Rd2+ Ke7 59. Bf2 Rc3 60. Be4 h3 61. Bd4 Rc1 62.
Be3 Re1 63. Bxg5+ Kf7 64. Rf2+ Kg7 65. Bd2  1-0

[Event "Asian Girls Chess Championship 2022"]
[Site "Knights Templar Hotel, Tagaytay City"]
[Date "2022.11.23"]
[Round "7"]
[Board "3"]
[White "Nurgali, Nazerke"]
[Black "Femil, Chelladurai"]
[Result "1/2-1/2"]
[WhiteElo "2197"]
[BlackElo "1657"]
[PlyCount "0"]
[EventDate "2022.11.19"]
[EventRounds "9"]
[EventCountry "ACF"]

1. d4 d5 2. c4 e6 3. Nc3 Be7 4. cxd5 exd5 5. Bf4 Nf6 6. e3 O-O 7. Bd3 Nbd7 8. Nge2
c5 9. O-O b6 10. Ng3 Bb7 11. Nf5 g6 12. Nxe7+ Qxe7 13. Nb5 Ne8 14. a4 a6 15. Nc3
Ng7 16. Qf3 cxd4 17. exd4 Ne6 18. Be3 Qf6 19. Qxf6 Nxf6 20. h3 Rfd8 21. f4 Ne4 22.
f5 Ng7 23. g4 Rac8 24. Ne2 Re8 25. Bh6 Rc6 26. Rac1 Nd6 27. Nc3 Rcc8 28. Bf4 Nc4
29. Bh6 Nd6 30. Bf4 Nc4 31. Rf2 gxf5 32. gxf5 f6 33. Bh6 Kh8 34. Kh2 Re7 35. Rg1
Nxb2 36. Nxd5 Bxd5 37. Rxb2 Rc3 38. Bxg7+ Rxg7 39. Rxg7 Kxg7 40. Bxa6 Be4 41. Rxb6
Bxf5 42. Bf1 Rc1 43. Bg2 Rc2 44. Kg3 Rc3+ 45. Kf4 Bxh3 46. Be4 f5 47. Bxf5 Bxf5 48.
Kxf5 Rc4  1/2-1/2

[Event "Asian Girls Chess Championship 2022"]
[Site "Knights Templar Hotel, Tagaytay City"]
[Date "2022.11.23"]
[Round "7"]
[Board "4"]
[White "Kairbekova, Amina"]
[Black "Zahedifar, Anahita"]
[Result "1-0"]
[WhiteElo "2212"]
[BlackElo "2121"]
[PlyCount "0"]
[EventDate "2022.11.19"]
[EventRounds "9"]
[EventCountry "ACF"]

1. e4 c6 2. d4 d5 3. e5 Bf5 4. h4 h5 5. Bd3 Bxd3 6. Qxd3 e6 7. Nf3 c5 8. dxc5 Bxc5
9. O-O Nd7 10. c3 a6 11. Nbd2 Ne7 12. Nb3 Nf5 13. Bg5 Be7 14. Bxe7 Qxe7 15. g3 Rc8
16. Nbd4 Nh6 17. Rae1 Ng4 18. Qd1 g6 19. Ng5 Nh6 20. Qb1 Nf5 21. Nxf5 gxf5 22. Kh2
Rc4 23. Qd1 Qc5 24. Qf3 Qa5 25. a3 Qc7 26. Qe3 Qb6 27. b3 Qxe3 28. Rxe3 Rc7 29. Rd1
Ke7 30. c4 dxc4 31. bxc4 Nb6 32. c5 Nc4 33. Rb3 Na5  1-0

[Event "Asian Girls Chess Championship 2022"]
[Site "Knights Templar Hotel, Tagaytay City"]
[Date "2022.11.23"]
[Round "7"]
[Board "5"]
[White "Calimbo, Marian"]
[Black "Dhea, Safitri"]
[Result "0-1"]
[WhiteElo "1611"]
[BlackElo "1787"]
[PlyCount "0"]
[EventDate "2022.11.19"]
[EventRounds "9"]
[EventCountry "ACF"]

1. d4 d5 2. Nc3 Nf6 3. Bg5 Nbd7 4. Qd3 c5 5. O-O-O h6 6. Bh4 c4 7. Qf3 Qa5 8. Kb1
e6 9. e4 Nxe4 10. Nxe4 dxe4 11. Qxe4 c3 12. Qe1 Bb4 13. a3 Bxa3 14. Qxc3 Bb4 15.
Qb3 O-O 16. g4 Nb6 17. c3 Bd6 18. Qb5 Qxb5 19. Bxb5 Nd5 20. Ne2 a6 21. Bd3 b5 22.
Kc2 Bb7 23. h3 Rac8 24. Rhg1 Nb4+ 25. Kc1 Bf3 26. Rge1 f5 27. g5 Be7 28. Rd2 hxg5
29. Bg3 f4 30. Bh2 Nxd3+ 31. Rxd3 Be4 32. Rdd1 Bd5 33. Kd2 a5 34. Ra1 a4 35. Nc1
Kf7 36. Nd3 Rh8 37. Ne5+ Ke8 38. Bg1 Rxh3 39. Ng4 a3 40. bxa3 Rcxc3 41. Ne5 Bxa3
42. f3 Rb3 43. Reb1 Rxb1 44. Rxb1 b4 45. Ke2 b3 46. Kf2 b2 47. Kg2 Rg3+ 48. Kh2 Ba2
49. Rxb2 Bxb2 50. Bf2 Bd5 51. Bxg3 fxg3+ 52. Kxg3 Bxd4  0-1

[Event "Asian Girls Chess Championship 2022"]
[Site "Knights Templar Hotel, Tagaytay City"]
[Date "2022.11.23"]
[Round "7"]
[Board "6"]
[White "Bhagyashree, Patil"]
[Black "Sadey, Rinoa Mariel"]
[Result "1-0"]
[WhiteElo "1921"]
[BlackElo "1819"]
[PlyCount "0"]
[EventDate "2022.11.19"]
[EventRounds "9"]
[EventCountry "ACF"]

1. e4 e6 2. d4 d5 3. Nd2 dxe4 4. Nxe4 Nd7 5. Bd3 Ngf6 6. Qe2 c5 7. Nxf6+ Nxf6 8.
dxc5 Bxc5 9. Nf3 Qc7 10. Bd2 Ng4 11. Rf1 Bd7 12. h3 Nf6 13. Ne5 Bd4 14. Nxd7 Nxd7
15. c3 Bf6 16. O-O-O O-O 17. f4 Rfd8 18. g4 Nc5 19. Bc2 b5 20. g5 Be7 21. f5 exf5
22. Rxf5 g6 23. Rf2 Ne6 24. Rxf7 Rxd2 25. Qxe6 Rxd1+ 26. Kxd1 Qd6+ 27. Qxd6 Bxd6
28. Rd7 Bf4 29. h4 Bg3 30. h5 Bf4 31. hxg6 hxg6 32. Rd5 Kf7 33. Bb3 Ke7 34. Rxb5
Rd8+ 35. Ke2 Bc1 36. Ra5 Rd7 37. Ba4 Rd2+ 38. Kf3 Rxb2 39. Rxa7+ Kd8 40. Bb3 Bxg5
41. c4 Be7 42. Ke4 g5 43. Kd5 Rd2+ 44. Kc6 Rd6+  1-0

[Event "Asian Girls Chess Championship 2022"]
[Site "Knights Templar Hotel, Tagaytay City"]
[Date "2022.11.23"]
[Round "7"]
[Board "7"]
[White "Tan, Mary Joy"]
[Black "Chua, Jia-Tien"]
[Result "0-1"]
[WhiteElo "1751"]
[BlackElo "1858"]
[PlyCount "0"]
[EventDate "2022.11.19"]
[EventRounds "9"]
[EventCountry "ACF"]

1. Nf3 Nf6 2. d4 d5 3. c4 c6 4. e3 e6 5. Nbd2 Bd6 6. Be2 Nbd7 7. O-O O-O 8. b3 Qe7
9. Bb2 e5 10. dxe5 Nxe5 11. cxd5 Nxd5 12. Nc4 Nxc4 13. Bxc4 Nf6 14. h3 Be6 15. Bxe6
fxe6 16. Ne5 Rad8 17. Qc2 Nd5 18. Qe4 Rf5 19. Nf3 Nf6 20. Qh4 e5 21. Qc4+ Kh8 22.
Rad1 e4 23. Nd2 Rd5 24. Kh1 Bb4 25. Bd4 c5 26. Bxf6 gxf6 27. f3 exf3 28. Rxf3 Rxd2
29. Rdf1 Qg7 30. Rg1 Rd1 31. Rxd1 Rxd1+ 32. Kh2 Ba5 33. Qh4 Bc7+ 34. g3 f5 35. Rf2
Bxg3+  0-1

[Event "Asian Girls Chess Championship 2022"]
[Site "Knights Templar Hotel, Tagaytay City"]
[Date "2022.11.23"]
[Round "7"]
[Board "8"]
[White "Cruz, Daniella Bianca"]
[Black "Mahdian, Anousha"]
[Result "0-1"]
[WhiteElo "1233"]
[BlackElo "2081"]
[PlyCount "0"]
[EventDate "2022.11.19"]
[EventRounds "9"]
[EventCountry "ACF"]

1. e4 c6 2. d4 d5 3. exd5 cxd5 4. Nf3 Nc6 5. Bd3 Qc7 6. h3 Nf6 7. O-O g6 8. Re1 Bg7
9. c3 O-O 10. Bg5 Bf5 11. Bc2 e6 12. Bxf5 gxf5 13. Qc1 Ne4 14. Bf4 Qd8 15. Nbd2 Kh8
16. Nf1 Rc8 17. Qd1 Ne7 18. Ng5 Ng6 19. Nxe4 fxe4 20. Qd2 f5 21. Ng3 Nxf4 22. Qxf4
Qc7 23. Nh5 Qxf4 24. Nxf4 Rc6 25. g3 Bh6 26. Ng2 b5 27. a3 a5 28. Red1 Rb8 29. Ne3
Kg8 30. Kg2 Kf7 31. Kf1 Rg8 32. Ke2 Kf6 33. Kf1 Bxe3 34. fxe3 Rxg3  0-1

[Event "Asian Girls Chess Championship 2022"]
[Site "Knights Templar Hotel, Tagaytay City"]
[Date "2022.11.24"]
[Round "8"]
[Board "1"]
[White "Femil, Chelladurai"]
[Black "Rakshitta, Ravi"]
[Result "0-1"]
[WhiteElo "1657"]
[BlackElo "2219"]
[PlyCount "0"]
[EventDate "2022.11.19"]
[EventRounds "9"]
[EventCountry "ACF"]

1. e4 e5 2. Nf3 Nc6 3. Bc4 Bc5 4. c3 Nf6 5. d3 O-O 6. Bb3 d5 7. Nbd2 Be6 8. Qe2 h6
9. O-O a5 10. Bc2 Qd7 11. Nxe5 Nxe5 12. d4 Bg4 13. f3 Bb6 14. Kh1 Nxf3 15. gxf3 Bh5
16. e5 Nh7 17. Rg1 Ng5 18. Qg2 Bg6 19. Bb3 c5 20. f4 Nh3 21. Rf1 cxd4 22. Qxd5 Qf5
23. e6 fxe6 24. Qxe6+ Kh8 25. Nf3 Qxe6 26. Bxe6 Nxf4 27. Bxf4 Rxf4 28. Nxd4 Rxd4
29. cxd4 Be4+ 30. Kg1 Bxd4+ 31. Rf2 Rf8 32. Raf1 Rf6 33. Bg4 Rg6 34. h3 h5 35. Kh2
Bxf2  0-1

[Event "Asian Girls Chess Championship 2022"]
[Site "Knights Templar Hotel, Tagaytay City"]
[Date "2022.11.24"]
[Round "8"]
[Board "2"]
[White "Dhea, Safitri"]
[Black "Bach, Ngoc Thuy Duong"]
[Result "0-1"]
[WhiteElo "1787"]
[BlackElo "2164"]
[PlyCount "0"]
[EventDate "2022.11.19"]
[EventRounds "9"]
[EventCountry "ACF"]

1. e4 c5 2. Nf3 d6 3. d4 cxd4 4. Qxd4 a6 5. c4 Nc6 6. Qd2 g6 7. h3 Bg7 8. Nc3 Nf6
9. Bd3 Nd7 10. O-O O-O 11. b3 Nde5 12. Be2 Nxf3+ 13. Bxf3 Nd4 14. Bd1 b5 15. cxb5
Nxb5 16. Bb2 Qa5 17. Rc1 Bb7 18. Rc2 Nxc3 19. Bxc3 Bxc3 20. Qxc3 Qg5 21. f4 Qb5 22.
Qe3 Rac8 23. Be2 Qa5 24. Rfc1 Rxc2 25. Rxc2 Qe1+ 26. Kh2 Rc8 27. Rxc8+ Bxc8 28. Qf3
Bb7 29. a4 a5 30. Bd3 f5 31. Bc4+ Kg7 32. Qg3 Qxg3+ 33. Kxg3 fxe4 34. Kf2 d5 35.
Bb5 Kf6 36. Ke3 e5 37. fxe5+ Kxe5 38. g3 d4+ 39. Ke2 Bd5 40. Bc4 Bxc4+ 41. bxc4 Kd6
42. Kd2 Kc5  0-1

[Event "Asian Girls Chess Championship 2022"]
[Site "Knights Templar Hotel, Tagaytay City"]
[Date "2022.11.24"]
[Round "8"]
[Board "3"]
[White "Asgharzadeh, Mitra"]
[Black "Nurgali, Nazerke"]
[Result "1-0"]
[WhiteElo "2001"]
[BlackElo "2197"]
[PlyCount "0"]
[EventDate "2022.11.19"]
[EventRounds "9"]
[EventCountry "ACF"]

1. Nf3 d5 2. g3 Nf6 3. Bg2 c5 4. O-O Nc6 5. d3 e5 6. Nbd2 Bd6 7. e4 d4 8. a3 O-O
9. Nh4 Bg4 10. Qe1 Nh5 11. Nf5 Bxf5 12. exf5 g6 13. fxg6 hxg6 14. Nc4 Re8 15. Bxc6
bxc6 16. Qe4 Qd7 17. Bg5 Kg7 18. Rae1 f6 19. Bd2 Bc7 20. Re2 f5 21. Qg2 Nf6 22. Rfe1
e4 23. Bg5 Nh7 24. Bd2 Nf6 25. Bg5 Nh7 26. h4 Nxg5 27. hxg5 e3 28. fxe3 Bd8 29. exd4
Qxd4+ 30. Qf2 Rxe2 31. Qxd4+ cxd4 32. Rxe2 Bxg5 33. Re6 c5 34. Ne5 Be3+ 35. Kg2 g5
36. Rc6 Bc1  1-0

[Event "Asian Girls Chess Championship 2022"]
[Site "Knights Templar Hotel, Tagaytay City"]
[Date "2022.11.24"]
[Round "8"]
[Board "4"]
[White "Bhagyashree, Patil"]
[Black "Kairbekova, Amina"]
[Result "0-1"]
[WhiteElo "1921"]
[BlackElo "2212"]
[PlyCount "0"]
[EventDate "2022.11.19"]
[EventRounds "9"]
[EventCountry "ACF"]

1. d4 Nf6 2. Nf3 g6 3. g3 Bg7 4. Bg2 O-O 5. O-O d6 6. c4 Nbd7 7. Nc3 e5 8. dxe5 dxe5
9. e4 c6 10. Qc2 Qe7 11. Rd1 Re8 12. h3 Nf8 13. b3 N6d7 14. Be3 Ne6 15. Rd2 Rf8 16.
Nh4 Nd4 17. Qd1 f5 18. exf5 gxf5 19. Bxd4 exd4 20. Ne2 f4 21. Nxd4 Ne5 22. Qh5 fxg3
23. Rf1 gxf2+ 24. Rdxf2 Rxf2 25. Rxf2 Nd3 26. Ndf5 Bxf5 27. Rxf5 Bd4+ 28. Kh1 Nf2+
29. Rxf2 Bxf2 30. Nf3 Rd8 31. Ne5 Qg7 32. Qe2 Bg3 33. Ng4 Rf8 34. Be4 h5 35. Ne3
Rf2 36. Qd3 Rh2+ 37. Kg1 Bf2+  0-1

[Event "Asian Girls Chess Championship 2022"]
[Site "Knights Templar Hotel, Tagaytay City"]
[Date "2022.11.24"]
[Round "8"]
[Board "5"]
[White "Serikbay, Assel"]
[Black "Mahdian, Anousha"]
[Result "1/2-1/2"]
[WhiteElo "2250"]
[BlackElo "2081"]
[PlyCount "0"]
[EventDate "2022.11.19"]
[EventRounds "9"]
[EventCountry "ACF"]

1. d4 d5 2. Nf3 e6 3. c4 a6 4. cxd5 exd5 5. Nc3 c6 6. g3 Bd6 7. Bg2 Ne7 8. O-O O-O
9. Ne1 Bf5 10. f3 c5 11. Be3 cxd4 12. Bxd4 Nbc6 13. Bf2 d4 14. Bxd4 Bxg3 15. hxg3
Qxd4+ 16. Qxd4 Nxd4 17. e3 Nb5 18. Na4 Rad8 19. Nc5 Bc8 20. Nc2 b6 21. Nb3 Nf5 22.
Rfc1 Rfe8 23. e4 Nxg3 24. Ncd4 Re7 25. Kf2  1/2-1/2

[Event "Asian Girls Chess Championship 2022"]
[Site "Knights Templar Hotel, Tagaytay City"]
[Date "2022.11.24"]
[Round "8"]
[Board "6"]
[White "Zahedifar, Anahita"]
[Black "Tan, Mary Joy"]
[Result "1-0"]
[WhiteElo "2121"]
[BlackElo "1751"]
[PlyCount "0"]
[EventDate "2022.11.19"]
[EventRounds "9"]
[EventCountry "ACF"]

1. Nf3 Nf6 2. c4 e6 3. g3 d5 4. Bg2 Be7 5. O-O O-O 6. d4 c6 7. b3 b6 8. Bb2 Bb7 9.
Nc3 Nbd7 10. Qd3 Rc8 11. Rfd1 Qc7 12. Rac1 Qb8 13. Nd2 Rfd8 14. Qb1 c5 15. cxd5 exd5
16. Nf3 a6 17. Qa1 c4 18. a4 cxb3 19. Ba3 Bd6 20. Qb2 Bxa3 21. Qxa3 g6 22. Qxb3 Rc6
23. Rb1 Qd6 24. Ne5 Rc7 25. Nxd7 Rdxd7 26. Qxb6 Rxc3 27. Qxd6 Rxd6 28. Rxb7 Rc4 29.
a5 Ra4 30. Rc1 Rxa5 31. Rc8+ Kg7 32. Rcc7 Ra1+ 33. Bf1 Ne4 34. Rxf7+ Kg8 35. Rg7+
Kf8 36. Rxh7 Kg8 37. Rhc7 Rf6 38. Rg7+ Kf8 39. Rgc7 Kg8 40. Rg7+ Kf8 41. Rgd7 Kg8
42. Rd8+ Rf8 43. Rxf8+ Kxf8 44. Rb2 Rd1 45. Ra2 Nd2 46. Kg2 Nxf1 47. Rxa6 Kf7 48.
Rd6 Nd2 49. Rxd5 Nc4 50. e3 Ke6 51. Rg5 Kf6 52. Rc5 Nd6 53. h4 Rd2 54. Kf3 Nf5 55.
Rc1 Ke6 56. Rh1 Rd3 57. g4 Nh6 58. Kf4 Nf7 59. h5 g5+ 60. Kf3 Ra3 61. Rb1 Ra6 62.
Rb8 Kf6 63. Rg8 Ra1 64. Kg2 Ra2 65. Rg6+ Ke7 66. Kg3 Ra1 67. Kg2 Ra2 68. Rg8 Kf6
69. Kg3 Ra1 70. f4 Rg1+ 71. Kf3 gxf4 72. exf4 Ra1 73. Rg6+ Ke7 74. g5 Ra3+ 75. Kg4
Ra1 76. h6 Rg1+ 77. Kf3 Rf1+ 78. Ke4 Re1+ 79. Kf5 Ra1 80. Rc6 Ra8 81. h7 Nh8 82.
g6 Ra5+ 83. Ke4 Kf8 84. f5 Ra7 85. Rc8+ Kg7 86. Rg8+  1-0

[Event "Asian Girls Chess Championship 2022"]
[Site "Knights Templar Hotel, Tagaytay City"]
[Date "2022.11.24"]
[Round "8"]
[Board "8"]
[White "Susmita, Bhowmick"]
[Black "Chua, Jia-Tien"]
[Result "0-1"]
[WhiteElo "1331"]
[BlackElo "1858"]
[PlyCount "0"]
[EventDate "2022.11.19"]
[EventRounds "9"]
[EventCountry "ACF"]

1. d4 d5 2. Nf3 Nf6 3. e3 c5 4. b3 Nc6 5. a3 cxd4 6. exd4 Bg4 7. Be2 e6 8. Bb2 Bd6
9. Nbd2 O-O 10. O-O Rc8 11. h3 Bh5 12. c4 b6 13. Rc1 Qe7 14. cxd5 Nxd5 15. b4 Qb7
16. Ne5 Nxd4 17. Bxh5 Rxc1 18. Bxc1 Bxe5 19. Nc4 Bf6 20. Nd6 Qc7 21. Ne4 Be5 22.
Bb2 Nc6 23. Bxe5 Qxe5 24. Re1 Nf4 25. Ng3 Qd5 26. Qg4 Qxg2#  0-1

[Event "Asian Girls Chess Championship 2022"]
[Site "Knights Templar Hotel, Tagaytay City"]
[Date "2022.11.24"]
[Round "8"]
[Board "10"]
[White "Sadey, Rinoa Mariel"]
[Black "Cruz, Daniella Bianca"]
[Result "1-0"]
[WhiteElo "1819"]
[BlackElo "1233"]
[PlyCount "0"]
[EventDate "2022.11.19"]
[EventRounds "9"]
[EventCountry "ACF"]

1. e4 e6 2. d3 d5 3. Qe2 Nf6 4. Nf3 Be7 5. g3 O-O 6. e5 Nfd7 7. Bg2 c5 8. O-O Nc6
9. c4 d4 10. h4 h6 11. h5 f6 12. exf6 Nxf6 13. Nh4 Bd6 14. Bh3 Re8 15. Nd2 e5 16.
Bxc8 Rxc8 17. Ne4 Nxe4 18. Qxe4 Be7 19. Nf5 Bg5 20. Bxg5 hxg5 21. h6 Qf6 22. Qd5+
Kh7 23. Nd6 Red8 24. Qe4+ Kxh6 25. Nxc8 Rxc8 26. Kg2 g6 27. Rh1+ Kg7 28. Rh2 Rf8
29. f3 Rh8 30. Rxh8 Kxh8 31. Rh1+ Kg7 32. Qd5 Qe7 33. a3 a6 34. Re1 Kf8 35. Qe4 Qf6
36. b4 cxb4 37. axb4 Nxb4 38. Qxb7 Nxd3 39. Qc8+ Kg7 40. Rh1 Ne1+ 41. Rxe1 Qe7 42.
Rh1 Kf6 43. Rh8 Kg7 44. Qg8+ Kf6 45. Rh7 Qe6 46. Qf8+ Qf7 47. Qxf7#  1-0

[Event "Asian Girls Chess Championship 2022"]
[Site "Knights Templar Hotel, Tagaytay City"]
[Date "2022.11.25"]
[Round "9"]
[Board "1"]
[White "Rakshitta, Ravi"]
[Black "Kairbekova, Amina"]
[Result "1/2-1/2"]
[WhiteElo "2219"]
[BlackElo "2212"]
[PlyCount "0"]
[EventDate "2022.11.19"]
[EventRounds "9"]
[EventCountry "ACF"]

1. d4 Nf6 2. Nf3 g6 3. g3 Bg7 4. Bg2 O-O 5. O-O d6 6. a4 a5 7. Nc3 Nc6 8. e4 Bg4
9. h3 Bxf3 10. Bxf3 Nd7 11. Nb5 e5 12. dxe5 Ncxe5 13. Bg2 Nc5 14. Qe2 c6 15. Nc3
Qb6 16. Kh1 Qa6 17. Qxa6 Rxa6 18. Rd1 Rb6 19. Ra2 Nc4 20. Bf1 Bxc3 21. Bxc4 Nxe4
22. Be3 Rxb2 23. Rxb2 Bxb2 24. Rb1 Bg7 25. Rxb7 d5 26. Bd3 Nc3 27. Ra7 Nxa4 28. Rxa5
Nb2 29. Bf1 Re8 30. Ra6 Rc8 31. Rb6 Na4 32. Rb4 Nc3 33. Ba6 Rd8 34. Rb6 d4 35. Bg5
f6 36. Bc4+ Kh8 37. Bf4 c5 38. Kg2 h6 39. Rc6 Nd5 40. Rxc5 Nxf4+ 41. gxf4 Bf8 42.
Rb5 f5 43. Rb7 h5 44. Kg3 Bd6 45. Kf3 h4 46. Be6 Bf8 47. Bf7 Kg7 48. Ke2 Bd6 49.
Kf3 Bf8 50. Be6+ Kh6 51. Bf7 Kg7 52. Bc4+ Kh6 53. Rc7 Bd6 54. Rc6  1/2-1/2

[Event "Asian Girls Chess Championship 2022"]
[Site "Knights Templar Hotel, Tagaytay City"]
[Date "2022.11.25"]
[Round "9"]
[Board "2"]
[White "Bach, Ngoc Thuy Duong"]
[Black "Zahedifar, Anahita"]
[Result "1-0"]
[WhiteElo "2164"]
[BlackElo "2121"]
[PlyCount "0"]
[EventDate "2022.11.19"]
[EventRounds "9"]
[EventCountry "ACF"]

1. d4 d5 2. c4 e6 3. Nc3 a6 4. cxd5 exd5 5. Nf3 c6 6. Qc2 Bd6 7. Bg5 Ne7 8. e3 f6
9. Bh4 Bf5 10. Bd3 Bxd3 11. Qxd3 O-O 12. Bg3 Re8 13. Rc1 a5 14. O-O Bxg3 15. hxg3
Nd7 16. Na4 Nc8 17. Nd2 Nd6 18. f3 b5 19. Rxc6 Nc4 20. Nc3 Rxe3 21. Qc2 Ndb6 22.
Nxc4 Nxc4 23. Rc5 Qe8 24. b3 Nb6 25. Nxb5 Re2 26. Qd3 Re3 27. Qd2 Re2 28. Qc1 Qg6
29. Nc3 Rc2 30. Qd1 Rc8 31. Rxc8+ Nxc8 32. Qe1 Kf7 33. Nxd5 Qd3 34. Nf4 Qxd4+ 35.
Kh2 Qe5 36. Qd1 Rc7 37. Re1 Qc5 38. Qd3 g6 39. Qd8 Re7 40. Rxe7+ Nxe7 41. Qh8 h5
42. Qh7+ Ke8 43. Nxg6 Nxg6 44. Qxg6+ Ke7 45. Qe4+ Kf8 46. a4 Kg7 47. Qc4 Qd6 48.
f4 Qd2 49. Qe6 Qb4 50. Qd7+ Kh6 51. Qf7  1-0

[Event "Asian Girls Chess Championship 2022"]
[Site "Knights Templar Hotel, Tagaytay City"]
[Date "2022.11.25"]
[Round "9"]
[Board "3"]
[White "Femil, Chelladurai"]
[Black "Asgharzadeh, Mitra"]
[Result "1-0"]
[WhiteElo "1657"]
[BlackElo "2001"]
[PlyCount "0"]
[EventDate "2022.11.19"]
[EventRounds "9"]
[EventCountry "ACF"]

1. e4 c5 2. Nf3 e6 3. d4 cxd4 4. Nxd4 Bc5 5. Nc3 Qb6 6. Be3 Nc6 7. Na4 Qa5+ 8. c3
Bxd4 9. Bxd4 Nxd4 10. Qxd4 e5 11. Qc4 Nf6 12. f3 O-O 13. O-O-O d5 14. exd5 Bd7 15.
Nc5 Rfc8 16. Nxb7 Qb6 17. Qb3 Qe3+ 18. Kb1 Bf5+ 19. Ka1 Rab8 20. Ba6 Nd7 21. Rhe1
Qh6 22. Qa3 Bc2 23. Rc1 Qd2 24. Nd6 Rc5 25. Nc4 Qf2 26. Rf1 Qe2 27. Nb6 Bd3 28. Bxd3
Qxd3 29. Nxd7  1-0